| 000 | 00356nam a2200145Ia 4500 | ||
|---|---|---|---|
| 005 | 20250509053611.0 | ||
| 008 | 240331s9999 xx 000 0 und d | ||
| 082 |
_bTHA _a891 |
||
| 100 | _aThalayasingham, J | ||
| 245 | 0 | _aVelippaduthal | |
| 260 |
_aBatticaloa _bSuriya Women Development Center _c2001 |
||
| 300 | _aX, 50 p., | ||
| 650 | _aPoems | ||
| 942 | _cL | ||
| 999 |
_c4304 _d4304 |
||